[Event "PRO League Pacific 2017"]
[Site "chess.com INT"]
[Date "2017.01.11"]
[Round "1"]
[White "Durarbayli, Vasif"]
[Black "Chirila, Ioan-Cristian"]
[Result "1-0"]
[WhiteTitle "GM"]
[BlackTitle "GM"]
[WhiteElo "2616"]
[BlackElo "2533"]
[WhiteTeam "Webster Windmills"]
[BlackTeam "San Jose Hackers"]
[WhiteFideId "13402935"]
[BlackFideId "1211668"]
[EventDate "2017.01.11"]

1. e4 e5 2. Nf3 Nc6 3. Bb5 a6 4. Ba4 Nf6 5. d3 d6 6. c3 Be7 7. Nbd2 b5 8. Bc2
O-O 9. Nf1 d5 10. exd5 Nxd5 11. Ng3 f5 12. O-O f4 13. Ne4 Bg4 14. Re1 h6 15. b4
Kh8 16. a4 Nb6 17. axb5 axb5 18. Rxa8 Qxa8 19. Bb3 Qd8 20. Qe2 Qd7 21. Bd2 Rd8
22. Bc2 Qd5 23. h3 Bh5 24. Ra1 Ra8 25. Qd1 Qd8 26. Qb1 Bxf3 27. gxf3 Rxa1 28.
Qxa1 Qa8 29. Qb1 Qe8 30. Qa2 Bh4 31. Kf1 Qd7 32. Ke2 Nd5 33. Nc5 Qd6 34. Bb3 Nb6
35. Qa6 Qg6 36. Qxb5 Ne7 37. Ne4 Kh7 38. Qxe5 Qg1 39. Qxf4 1-0

[Event "PRO League Pacific 2017"]
[Site "chess.com INT"]
[Date "2017.01.11"]
[Round "1"]
[White "Ynojosa Aponte, Felix Jose"]
[Black "Kretchetov, Alexandre"]
[Result "1-0"]
[WhiteTitle "IM"]
[BlackTitle "FM"]
[WhiteElo "2399"]
[BlackElo "2242"]
[WhiteTeam "Rio Grande Ospreys"]
[BlackTeam "Las Vegas Desert Rats"]
[WhiteFideId "3900258"]
[BlackFideId "4124588"]
[EventDate "2017.01.11"]

1. c4 e5 2. Nc3 Nc6 3. e3 Nf6 4. Nf3 g6 5. a3 Bg7 6. b4 d6 7. d4 exd4 8. exd4
Bg4 9. Be2 O-O 10. O-O Re8 11. Be3 Ne7 12. h3 Bxf3 13. Bxf3 c6 14. Qb3 Nf5 15.
Rfe1 Nxe3 16. Rxe3 Rxe3 17. fxe3 Qe7 18. Re1 Nd7 19. Re2 a6 20. a4 Qg5 21. b5
axb5 22. cxb5 Rb8 23. Bg4 Rd8 24. a5 cxb5 25. Nxb5 Nb8 26. Bf3 Qe7 27. Bd5 Nc6
28. Rf2 Rf8 29. Bxf7+ Rxf7 30. Nxd6 Bf6 31. Nxf7 Qxf7 32. Qxf7+ Kxf7 33. Ra2 Ke7
34. a6 bxa6 35. Rxa6 Nb4 36. Ra7+ Ke6 37. Rxh7 Nc2 38. Kf2 Bg5 39. Ke2 Kf5 40.
g4+ Ke6 41. h4 Bf6 42. Rc7 Nb4 43. g5 Be7 44. Rb7 Nd5 45. Kf3 Bd6 46. e4 Ne7 47.
e5 Ba3 48. Ke4 Nd5 49. Ra7 Nc3+ 50. Kd3 Bb4 51. Kc4 Ne2 52. Kxb4 Nxd4 53. Ra6+
Kxe5 54. Rxg6 Nf3 55. Rh6 Nd4 56. Kc4 Nf5 57. Rh8 Ne3+ 58. Kd3 Nf5 59. h5 Ng7
60. h6 Ne6 61. Re8 Kf5 1-0

[Event "PRO League Pacific 2017"]
[Site "chess.com INT"]
[Date "2017.01.11"]
[Round "1"]
[White "Bartholomew, John"]
[Black "Raptis, Nick"]
[Result "0-1"]
[WhiteTitle "IM"]
[BlackTitle "FM"]
[WhiteElo "2447"]
[BlackElo "2262"]
[WhiteTeam "Minnesota Blizzard"]
[BlackTeam "Portland Rain"]
[WhiteFideId "2019353"]
[BlackFideId "2016850"]
[EventDate "2017.01.11"]

1. Nf3 Nf6 2. g3 g6 3. Bg2 Bg7 4. O-O O-O 5. d4 d5 6. Nbd2 c6 7. b3 Bf5 8. Bb2
a5 9. c4 a4 10. Bc3 Ne4 11. Nxe4 Bxe4 12. e3 Nd7 13. Qd2 Qb6 14. c5 Qc7 15. b4
b5 16. cxb6 Nxb6 17. Rfc1 Rfc8 18. Qe2 Nc4 19. Nd2 Bxg2 20. Nxc4 Bh3 21. Na5 Qd7
22. Bb2 h5 23. Rc5 Rc7 24. Rac1 Rac8 25. f3 e5 26. dxe5 Bf8 27. Qd3 Bxc5 28.
Rxc5 Qf5 29. Qxf5 Bxf5 30. e6 Bxe6 31. Be5 Rd7 32. Nxc6 Rb7 33. a3 g5 34. Kf2 g4
35. f4 Kh7 36. Ke1 Rb6 37. Nd4 Rxc5 38. bxc5 Rb1+ 39. Kd2 Bc8 40. c6 Rh1 41. f5
Rxh2+ 42. Kc3 h4 43. gxh4 Rh3 44. Kd2 g3 45. Nf3 f6 46. Bxf6 Rh2+ 47. Ke1 Bxf5
48. Be5 Ra2 49. Bxg3 Rxa3 50. Bf4 Rc3 51. Nd4 a3 0-1

[Event "PRO League Pacific 2017"]
[Site "chess.com INT"]
[Date "2017.01.11"]
[Round "1"]
[White "Bartholomew, John"]
[Black "Cigan, Jason"]
[Result "1/2-1/2"]
[WhiteTitle "IM"]
[WhiteElo "2447"]
[BlackElo "2100"]
[WhiteTeam "Minnesota Blizzard"]
[BlackTeam "Portland Rain"]
[WhiteFideId "2019353"]
[BlackFideId "2064022"]
[EventDate "2017.01.11"]

1. Nf3 Nf6 2. g3 g6 3. Bg2 Bg7 4. O-O O-O 5. d4 d6 6. b3 c5 7. c4 Ne4 8. Bb2 Nc6
9. e3 Qb6 10. dxc5 Nxc5 11. Bxg7 Kxg7 12. Nc3 Bf5 13. Nd4 Bd7 14. Nd5 Qd8 15. f4
f5 16. Qd2 a5 17. Rad1 e5 18. Nb5 e4 19. Nxd6 Be6 20. Qc3+ Kg8 21. Nb5 Bxd5 22.
cxd5 Qb6 23. dxc6 Qxb5 24. cxb7 Nxb7 25. Rfe1 Rac8 26. Qa1 Nc5 27. Qe5 Qb4 28.
Bf1 Nd3 29. Bxd3 exd3 30. Qd5+ Kg7 31. Qxd3 Rfd8 32. Qe2 Qe4 33. Rxd8 Rxd8 34.
Qc4 Qxc4 35. bxc4 Rd2 36. Rc1 Kf7 37. c5 Ke7 38. c6 Kd8 39. a4 Kc7 40. Rc5 Re2
41. Rxa5 Kxc6 42. Re5 Kd6 43. h3 Ra2 44. a5 h5 45. Kh1 Re2 46. a6 Ra2 47. g4
hxg4 48. hxg4 fxg4 49. Rg5 Ke6 50. Rxg6+ Kf5 51. Rg5+ Ke4 52. Rxg4 Kxe3 53. f5
Rxa6 54. Rg6 Ra2 55. Kg1 Ke4 56. f6 Ra3 57. f7 Rf3 58. Rg7 Ke5 59. Kh2 Ke6 60.
Kg2 Rxf7 61. Rxf7 Kxf7 1/2-1/2

[Event "PRO League Pacific 2017"]
[Site "chess.com INT"]
[Date "2017.01.11"]
[Round "1"]
[White "Johnson, Frank B"]
[Black "Tarjan, James E"]
[Result "0-1"]
[BlackTitle "GM"]
[WhiteElo "2191"]
[BlackElo "2406"]
[WhiteTeam "Minnesota Blizzard"]
[BlackTeam "Portland Rain"]
[WhiteFideId "2026511"]
[BlackFideId "2000180"]
[EventDate "2017.01.11"]

1. e4 c6 2. d4 d5 3. e5 Bf5 4. Nf3 e6 5. Be2 Bb4+ 6. c3 Ba5 7. O-O Nd7 8. Be3
Ne7 9. Nbd2 Bg6 10. Ne1 Nf5 11. Nd3 O-O 12. Bf4 Bc7 13. g3 Rc8 14. b4 f6 15.
exf6 Qxf6 16. Bxc7 Rxc7 17. Nf3 Nd6 18. Nde5 Nf7 19. Nxg6 hxg6 20. c4 Nd6 21.
Rc1 Ne4 22. Qe1 Rcc8 23. Bd1 Rce8 24. Qe3 Nd6 25. Ne5 Re7 26. f4 dxc4 27. Bc2
Nf5 28. Bxf5 exf5 29. Rxc4 Nb6 30. Rcc1 Rd8 31. Rfd1 Kh7 32. Qb3 Nd5 33. b5 cxb5
34. Qxb5 g5 35. fxg5 Qxg5 36. Qd3 Ne3 37. Re1 Rxe5 38. Rc3 Ng4 0-1

[Event "PRO League Pacific 2017"]
[Site "chess.com INT"]
[Date "2017.01.11"]
[Round "1"]
[White "Rosenthal, Nicholas"]
[Black "Holt, Conrad"]
[Result "1-0"]
[BlackTitle "GM"]
[WhiteElo "2156"]
[BlackElo "2567"]
[WhiteTeam "St Louis Arch Bishops"]
[BlackTeam "Dallas Destiny"]
[WhiteFideId "2045150"]
[BlackFideId "2034387"]
[EventDate "2017.01.11"]

1. e4 e6 2. d4 d5 3. exd5 exd5 4. Bd3 Nc6 5. Ne2 Bd6 6. Nbc3 Nb4 7. Bf4 Nf6 8.
Qd2 O-O 9. h3 Nxd3+ 10. Qxd3 Bxf4 11. Nxf4 Re8+ 12. Nfe2 b5 13. O-O b4 14. Na4
a5 15. Nc5 Ne4 16. Nxe4 Ba6 17. Qd2 dxe4 18. Rfd1 Rb8 19. Ng3 Qd5 20. a3 b3 21.
Rac1 Qd6 22. Re1 Qg6 23. cxb3 Rxb3 24. Rc3 Rxc3 25. Qxc3 h5 26. Qxa5 h4 27. Nf5
Bc8 28. Qa4 c6 29. Nxh4 Qf6 30. g3 Bxh3 31. Re3 g5 32. Nf3 Rd8 33. Ne5 c5 34.
Rxe4 cxd4 35. Rxd4 Rc8 36. Ng4 Qf3 37. Ne3 Be6 38. Qd1 Qf6 39. Rd2 Rb8 40. b4
Ra8 41. Rd3 Kg7 42. Qc1 Kg8 43. Qc3 Qg6 44. b5 Rc8 45. Qd2 Qf6 46. Rd4 Rb8 47.
a4 Kg7 48. Qc3 Kg6 49. Qc5 Rc8 50. Qd6 Rc1+ 51. Rd1 Rc8 52. Qd3+ Kh6 53. b6 Qf3
54. Qd2 Rh8 55. Ng2 Kg6 56. Qd3+ Qxd3 57. Rxd3 Bc4 58. Rc3 Be2 59. f4 1-0

[Event "PRO League Pacific 2017"]
[Site "chess.com INT"]
[Date "2017.01.11"]
[Round "1"]
[White "Rosenthal, Nicholas"]
[Black "Javakhadze, Zurab"]
[Result "0-1"]
[BlackTitle "IM"]
[WhiteElo "2156"]
[BlackElo "2468"]
[WhiteTeam "St Louis Arch Bishops"]
[BlackTeam "Dallas Destiny"]
[WhiteFideId "2045150"]
[BlackFideId "13603647"]
[EventDate "2017.01.11"]

1. e4 g6 2. d4 Bg7 3. Nc3 d6 4. Be3 a6 5. Nf3 b5 6. Bd3 Bb7 7. a4 b4 8. Ne2 Nf6
9. Ng3 O-O 10. c3 bxc3 11. bxc3 c5 12. O-O Ng4 13. Nd2 Nxe3 14. fxe3 Nd7 15. Rb1
Qc7 16. Bc4 e6 17. Qe2 d5 18. Bd3 Bc6 19. e5 Bxa4 20. Rf4 c4 21. Be4 dxe4 22.
Ndxe4 Nxe5 23. dxe5 Qxe5 24. Rb7 Bc6 25. Re7 Rab8 26. Qxc4 Rb1+ 27. Kf2 Bb5 28.
Qa2 Rd1 29. Qc2 Qd5 30. c4 Bxc4 31. Rc7 Bb3 32. Qe2 f5 33. Nh5 gxh5 34. Qxh5
Rd2+ 35. Kg3 Qe5 36. Ng5 h6 37. Re7 hxg5 38. Kh3 gxf4 39. Qg5 Qf6 0-1

[Event "PRO League Pacific 2017"]
[Site "chess.com INT"]
[Date "2017.01.11"]
[Round "1"]
[White "Vazquez, Guillermo"]
[Black "Troff, Kayden W"]
[Result "1-0"]
[WhiteTitle "IM"]
[BlackTitle "GM"]
[WhiteElo "2437"]
[BlackElo "2511"]
[WhiteTeam "Rio Grande Ospreys"]
[BlackTeam "Las Vegas Desert Rats"]
[WhiteFideId "3702308"]
[BlackFideId "2047896"]
[EventDate "2017.01.11"]

1. e4 c5 2. Nf3 d6 3. d4 cxd4 4. Qxd4 Nf6 5. Bg5 e6 6. Be2 Be7 7. c4 Nc6 8. Qd3
h6 9. Bh4 Qb6 10. Nc3 Ng4 11. Bg3 O-O 12. O-O Qxb2 13. Rab1 Qa3 14. Rb3 Qa5 15.
Bxd6 Rd8 16. c5 Nge5 17. Nxe5 Nxe5 18. Qg3 Bxd6 19. cxd6 Nc6 20. Rd1 e5 21. Rd5
Be6 22. Rxa5 Bxb3 23. Rb5 Be6 24. Rxb7 Rxd6 25. h3 Rc8 26. Bg4 Rcd8 27. Bxe6
Rxe6 28. Nd5 Nd4 29. Kh2 Nc6 30. Rc7 Rde8 31. Qf3 Ne7 32. Rxa7 1-0

[Event "PRO League Pacific 2017"]
[Site "chess.com INT"]
[Date "2017.01.11"]
[Round "1"]
[White "Vazquez, Guillermo"]
[Black "Durham, Dan"]
[Result "1-0"]
[WhiteTitle "IM"]
[BlackTitle "FM"]
[WhiteElo "2437"]
[BlackElo "2229"]
[WhiteTeam "Rio Grande Ospreys"]
[BlackTeam "Las Vegas Desert Rats"]
[WhiteFideId "3702308"]
[BlackFideId "2001837"]
[EventDate "2017.01.11"]

1. e4 c5 2. Nf3 d6 3. d4 cxd4 4. Qxd4 Nc6 5. Bb5 Bd7 6. Qd3 g6 7. c4 Bg7 8. Nc3
Nf6 9. O-O O-O 10. h3 a6 11. Bxc6 Bxc6 12. Nd4 Bd7 13. Be3 Rc8 14. Rac1 Qa5 15.
b3 Rfe8 16. Rfd1 Rc7 17. a4 Rb8 18. Qd2 Rbc8 19. f3 Qb4 20. Rb1 e6 21. Nc2 Qa5
22. Bd4 Rc6 23. Kh1 Qh5 24. Nb4 R6c7 25. Bb6 a5 26. Nd3 Rc6 27. Be3 Ra6 28. Nb5
e5 29. Kh2 Be6 30. Nf2 h6 31. Nxd6 Rd8 32. c5 Bf8 33. Qc3 Bxd6 34. Rxd6 Raxd6
35. cxd6 Rxd6 36. Qxa5 Kg7 37. Qb5 b6 38. Rc1 Nd7 39. Qb4 Nc5 40. a5 Rd3 41.
Nxd3 Nxd3 42. Qxb6 Nxc1 43. Bxc1 Bxh3 44. gxh3 Qxf3 45. Qe3 1-0

[Event "PRO League Pacific 2017"]
[Site "chess.com INT"]
[Date "2017.01.11"]
[Round "1"]
[White "Akobian, Varuzhan"]
[Black "Arribas Lopez, Angel"]
[Result "1-0"]
[WhiteTitle "GM"]
[BlackTitle "GM"]
[WhiteElo "2633"]
[BlackElo "2511"]
[WhiteTeam "St Louis Arch Bishops"]
[BlackTeam "Dallas Destiny"]
[WhiteFideId "13300580"]
[BlackFideId "2283352"]
[EventDate "2017.01.11"]

1. d4 d6 2. Nf3 g6 3. c4 Bg7 4. Nc3 Bg4 5. e3 Nc6 6. Be2 Bxf3 7. Bxf3 e5 8. d5
Nce7 9. Qa4+ Kf8 10. c5 f5 11. cxd6 cxd6 12. e4 Bh6 13. Qb4 Qb6 14. Qxb6 axb6
15. Nb5 Rd8 16. Bxh6+ Nxh6 17. Rc1 Rd7 18. Ke2 Nhg8 19. Rc4 Nf6 20. Nc3 Kf7 21.
Rc1 fxe4 22. Bxe4 Nxe4 23. Rxe4 Rc8 24. Rd1 Nf5 25. Rb4 Nd4+ 26. Kd3 Ke7 27. f4
Rf8 28. fxe5 dxe5 29. Re1 1-0

[Event "PRO League Pacific 2017"]
[Site "chess.com INT"]
[Date "2017.01.11"]
[Round "1"]
[White "Akobian, Varuzhan"]
[Black "Harmon-Vellotti, Luke"]
[Result "1-0"]
[WhiteTitle "GM"]
[BlackTitle "IM"]
[WhiteElo "2633"]
[BlackElo "2454"]
[WhiteTeam "St Louis Arch Bishops"]
[BlackTeam "Dallas Destiny"]
[WhiteFideId "13300580"]
[BlackFideId "2030012"]
[EventDate "2017.01.11"]

1. d4 Nf6 2. c4 e6 3. Nf3 b6 4. g3 Bb7 5. Bg2 Be7 6. O-O O-O 7. Re1 a5 8. Bf4
Na6 9. Nc3 Ne4 10. Nb5 c6 11. Nc3 Nxc3 12. bxc3 d5 13. Qd3 dxc4 14. Qxc4 c5 15.
Ne5 Bxg2 16. Kxg2 Qc8 17. Rab1 cxd4 18. cxd4 Qb7+ 19. Qc6 Rfb8 20. Qxb7 Rxb7 21.
Nc6 Bf8 22. Nxa5 Rd7 23. Nc6 Rb7 24. e4 b5 25. a4 b4 26. Rec1 f6 27. Na5 Rd7 28.
Nb3 Bd6 29. Bxd6 Rxd6 30. Rc4 Rad8 31. Rbc1 Kf7 32. f4 e5 33. fxe5 fxe5 34. d5
h5 35. Rc6 Ke7 36. h4 g6 37. Kf3 Kf6 38. Ke3 Nb8 39. Rc7 g5 40. Rf1+ Kg6 41. Nd2
gxh4 42. gxh4 R8d7 43. Rc8 Rd8 44. Rf8 Rxf8 45. Rxf8 Nd7 46. Rd8 Kf7 47. Nb3 Ke7
48. Rh8 Nf6 49. a5 Ra6 50. Rb8 Ra7 51. Rb6 Rc7 52. Re6+ Kf7 53. Rc6 Ra7 54. a6
Nd7 55. d6 Kf6 56. Kd3 Nb8 57. Rb6 Nd7 58. Rb7 Rxa6 59. Rxd7 Rc6 60. Nd2 Rc3+
61. Ke2 Ke6 62. Rb7 Rh3 63. d7 Ke7 64. Nf3 1-0

[Event "PRO League Pacific 2017"]
[Site "chess.com INT"]
[Date "2017.01.11"]
[Round "1"]
[White "Khachiyan, Melikset"]
[Black "Tiglon, Bryce"]
[Result "1-0"]
[WhiteTitle "GM"]
[BlackTitle "FM"]
[WhiteElo "2530"]
[BlackElo "2312"]
[WhiteTeam "San Diego Surfers"]
[BlackTeam "Seattle Sluggers"]
[WhiteFideId "13300512"]
[BlackFideId "2087456"]
[EventDate "2017.01.11"]

1. e4 c5 2. Nc3 d6 3. Nf3 Nf6 4. d4 cxd4 5. Nxd4 a6 6. a4 Nc6 7. Be2 e5 8. Nf3
Be7 9. O-O O-O 10. Bg5 Be6 11. Bxf6 Bxf6 12. Nd5 Bxd5 13. Qxd5 Rc8 14. c3 Qb6
15. Qa2 Qc5 16. Rfd1 Ne7 17. Qb3 Rc7 18. Nd2 Rd8 19. Nc4 d5 20. exd5 Nxd5 21.
Nd2 Nf4 22. Bf3 Rcd7 23. Ne4 Qe7 24. g3 Nh3+ 25. Kg2 Ng5 26. Rxd7 Rxd7 27. Nxg5
Bxg5 28. Bd5 g6 29. Re1 Kg7 30. h4 Bf6 31. c4 Qc5 32. Qf3 b5 33. axb5 axb5 34.
b3 Ra7 35. h5 Ra6 36. cxb5 Rd6 37. Bc4 gxh5 38. Qxh5 Qa7 39. Re4 Rd2 40. Rg4+
Kf8 41. Qh6+ 1-0

[Event "PRO League Pacific 2017"]
[Site "chess.com INT"]
[Date "2017.01.11"]
[Round "1"]
[White "Khachiyan, Melikset"]
[Black "Margvelashvili, Giorgi"]
[Result "1-0"]
[WhiteTitle "GM"]
[BlackTitle "GM"]
[WhiteElo "2530"]
[BlackElo "2530"]
[WhiteTeam "San Diego Surfers"]
[BlackTeam "Seattle Sluggers"]
[WhiteFideId "13300512"]
[BlackFideId "13602926"]
[EventDate "2017.01.11"]

1. e4 c5 2. Nc3 Nc6 3. Bb5 d6 4. Bxc6+ bxc6 5. f4 e6 6. Nf3 d5 7. d3 Nf6 8. O-O
Be7 9. e5 Nd7 10. Qe1 c4 11. dxc4 Ba6 12. b3 dxc4 13. Rf2 O-O 14. Ne4 c5 15. Ba3
cxb3 16. axb3 Bb7 17. Nd6 Bxd6 18. exd6 Bxf3 19. Rxf3 Qb6 20. Rd1 c4+ 21. Kh1
cxb3 22. Rxb3 Qa6 23. Bb2 Rac8 24. Rg3 g6 25. Ra3 Qb6 26. Rb3 Qc6 27. Bc3 Rfe8
28. Qd2 a5 29. Bxa5 Qxc2 30. Qxc2 Rxc2 31. Rb7 Ra2 32. Ra7 Rc8 33. h3 Kf8 34.
Rb1 Rcc2 35. Rbb7 Rxg2 36. Bc3 Rh2+ 37. Kg1 Rhg2+ 38. Kf1 Raf2+ 39. Ke1 1-0

[Event "PRO League Pacific 2017"]
[Site "chess.com INT"]
[Date "2017.01.11"]
[Round "1"]
[White "Wolff, Patrick G"]
[Black "Petesch, Gabriel N"]
[Result "0-1"]
[WhiteTitle "GM"]
[BlackTitle "FM"]
[WhiteElo "2564"]
[BlackElo "2260"]
[WhiteTeam "San Francisco Mechanics"]
[BlackTeam "Pittsburgh Pawngrabbers"]
[WhiteFideId "2000148"]
[BlackFideId "2032465"]
[EventDate "2017.01.11"]

1. e4 d5 2. exd5 Qxd5 3. Nc3 Qd6 4. d4 c6 5. Nf3 Nf6 6. Ne5 Nbd7 7. Bf4 Nd5 8.
Nxd5 Qxd5 9. f3 Nxe5 10. Bxe5 e6 11. Qd2 f6 12. c4 Qd7 13. Bg3 Bd6 14. O-O-O Qc7
15. Bxd6 Qxd6 16. Qe3 Bd7 17. Bd3 O-O-O 18. f4 Kb8 19. Kb1 Be8 20. Be4 Bh5 21.
Rd3 Rhe8 22. Re1 h6 23. c5 Qc7 24. g3 e5 25. fxe5 fxe5 26. d5 cxd5 27. Rxd5 Rxd5
28. Bxd5 e4 29. Ka1 Bg6 30. a3 Re7 31. Rf1 Qd8 32. Qf4+ Qc7 33. Qe3 Re8 34. Rc1
Re5 35. Qd4 e3 36. Bf3 e2 37. Re1 Rxc5 38. Rxe2 Bf7 39. Be4 Rc1+ 40. Bb1 Bg6 41.
Re4 Rxb1+ 42. Kxb1 Qe7 0-1

[Event "PRO League Pacific 2017"]
[Site "chess.com INT"]
[Date "2017.01.11"]
[Round "1"]
[White "Wolff, Patrick G"]
[Black "Shabalov, Alexander"]
[Result "1-0"]
[WhiteTitle "GM"]
[BlackTitle "GM"]
[WhiteElo "2564"]
[BlackElo "2563"]
[WhiteTeam "San Francisco Mechanics"]
[BlackTeam "Pittsburgh Pawngrabbers"]
[WhiteFideId "2000148"]
[BlackFideId "2008572"]
[EventDate "2017.01.11"]

1. e4 c6 2. Ne2 d5 3. e5 f6 4. d4 fxe5 5. dxe5 c5 6. Nf4 Nh6 7. Qxd5 Nc6 8. Bb5
Qxd5 9. Nxd5 Kf7 10. Bxc6 bxc6 11. Nf4 Ng4 12. e6+ Kf6 13. b3 h5 14. Na3 Rh7 15.
Nc4 g5 16. Bb2+ Kf5 17. Nd3 Bxe6 18. h3 Nf6 19. Ne3+ Kg6 20. Nxc5 Bg8 21. O-O-O
Nd5 22. c4 e6 23. Nd3 Nf4 24. Ne5+ Kh6 25. g3 Ng6 26. N5g4+ hxg4 27. Nxg4+ Kh5
28. Nf6+ 1-0

[Event "PRO League Pacific 2017"]
[Site "chess.com INT"]
[Date "2017.01.11"]
[Round "1"]
[White "Nagle, Sean"]
[Black "Raptis, Nick"]
[Result "1/2-1/2"]
[WhiteTitle "IM"]
[BlackTitle "FM"]
[WhiteElo "2423"]
[BlackElo "2262"]
[WhiteTeam "Minnesota Blizzard"]
[BlackTeam "Portland Rain"]
[WhiteFideId "2013878"]
[BlackFideId "2016850"]
[EventDate "2017.01.11"]

1. Nf3 Nf6 2. c4 g6 3. Nc3 Bg7 4. d4 d6 5. Bg5 O-O 6. e3 c6 7. Be2 a6 8. a3 b5
9. Nd2 bxc4 10. Nxc4 a5 11. O-O Ba6 12. Rc1 Nbd7 13. b4 axb4 14. axb4 Bxc4 15.
Bxc4 Rb8 16. Rb1 Nb6 17. Bb3 Nfd5 18. Nxd5 cxd5 19. Qe2 Qd7 20. Rfc1 Rfc8 21. h3
h6 22. Bh4 e6 23. Bg3 Bf8 24. Kh2 Rc6 25. b5 Rxc1 26. Rxc1 Nc4 27. Bxc4 dxc4 28.
Qxc4 Rxb5 29. Qc6 Qxc6 30. Rxc6 Rd5 31. Rc4 e5 32. dxe5 dxe5 33. e4 Rd4 34. Rxd4
exd4 35. Kg1 f5 36. exf5 gxf5 37. Kf1 d3 38. Bf4 h5 39. Ke1 Bb4+ 40. Bd2 Bc5 41.
Bc3 Kf7 42. Kd2 Bxf2 43. Kxd3 Kg6 44. Ke2 Bb6 1/2-1/2

[Event "PRO League Pacific 2017"]
[Site "chess.com INT"]
[Date "2017.01.11"]
[Round "1"]
[White "Nagle, Sean"]
[Black "Cigan, Jason"]
[Result "1-0"]
[WhiteTitle "IM"]
[WhiteElo "2423"]
[BlackElo "2100"]
[WhiteTeam "Minnesota Blizzard"]
[BlackTeam "Portland Rain"]
[WhiteFideId "2013878"]
[BlackFideId "2064022"]
[EventDate "2017.01.11"]

1. Nf3 Nf6 2. c4 g6 3. Nc3 Bg7 4. d4 O-O 5. Bg5 d6 6. e3 c5 7. d5 h6 8. Bh4 e6
9. Nd2 g5 10. Bg3 Qb6 11. Qb3 Rd8 12. Be2 Qxb3 13. axb3 Na6 14. O-O Nb4 15. dxe6
Bxe6 16. Nb5 Ne8 17. Ne4 Bxb2 18. Rad1 a6 19. Nbxd6 Nxd6 20. Bxd6 b6 21. Bc7
Rxd1 22. Rxd1 Bf5 23. Bf3 Rc8 24. Nd6 Rxc7 25. Nxf5 Be5 26. Be4 f6 27. Nxh6+ Kf8
28. Nf5 Nc6 29. Bxc6 Rxc6 30. Rd8+ Kf7 31. Ra8 b5 32. g4 Bc7 33. Kg2 b4 34. h3
a5 35. Kf3 Re6 36. Ra7 Rc6 37. Ke4 Ke6 38. f4 Kd7 39. Kd5 a4 40. Rxa4 gxf4 41.
exf4 Bxf4 42. Ra7+ Bc7 43. h4 Re6 44. Rxc7+ 1-0

[Event "PRO League Pacific 2017"]
[Site "chess.com INT"]
[Date "2017.01.11"]
[Round "1"]
[White "Smail, Benedict A"]
[Black "Bartholomew, John"]
[Result "0-1"]
[BlackTitle "IM"]
[WhiteElo "2120"]
[BlackElo "2447"]
[WhiteTeam "Portland Rain"]
[BlackTeam "Minnesota Blizzard"]
[WhiteFideId "2050480"]
[BlackFideId "2019353"]
[EventDate "2017.01.11"]

1. d4 d5 2. c4 c6 3. Nf3 Nf6 4. Nc3 dxc4 5. a4 Bf5 6. e3 e6 7. Bxc4 Bb4 8. O-O
Nbd7 9. Qe2 Bg6 10. Rd1 O-O 11. Ne5 Nxe5 12. dxe5 Nd7 13. Na2 Be7 14. b4 Qc7 15.
f4 a5 16. b5 Nb6 17. Bb3 cxb5 18. Qxb5 Rfd8 19. Bb2 Be4 20. Bd4 Nd5 21. Rac1 Qb8
22. Nc3 Nxc3 23. Bxc3 Bc6 24. Qb6 Rxd1+ 25. Rxd1 Qf8 26. Bd4 Qe8 27. Rc1 Bd8 28.
Qc5 Bxa4 29. Ba2 Bd7 30. Qa3 b5 31. Qd3 Rc8 32. Rd1 b4 33. Ba1 Ba4 34. Rf1 Bb5
35. Qe4 Bxf1 36. Bb1 g6 37. Kxf1 Qc6 0-1

[Event "PRO League Pacific 2017"]
[Site "chess.com INT"]
[Date "2017.01.11"]
[Round "1"]
[White "Smail, Benedict A"]
[Black "Nagle, Sean"]
[Result "0-1"]
[BlackTitle "IM"]
[WhiteElo "2120"]
[BlackElo "2423"]
[WhiteTeam "Portland Rain"]
[BlackTeam "Minnesota Blizzard"]
[WhiteFideId "2050480"]
[BlackFideId "2013878"]
[EventDate "2017.01.11"]

1. d4 Nf6 2. c4 g6 3. Nc3 Bg7 4. Bg5 O-O 5. Nf3 c5 6. d5 d6 7. e3 h6 8. Bh4 g5
9. Bg3 Nh5 10. Qc2 e6 11. Be2 exd5 12. cxd5 a6 13. a4 Nxg3 14. hxg3 Re8 15. Nd2
Nd7 16. O-O Ne5 17. Rae1 Bd7 18. Nc4 Nxc4 19. Bxc4 Rb8 20. Ba2 b5 21. Bb1 bxa4
22. Nxa4 Bb5 23. Nc3 Bxf1 24. Rxf1 Rb4 25. f4 Rxe3 26. Qh7+ Kf8 27. fxg5 Qxg5
28. Bf5 Rxb2 29. Be6 Rxe6 30. dxe6 Bd4+ 31. Rf2 Bxf2+ 0-1

[Event "PRO League Pacific 2017"]
[Site "chess.com INT"]
[Date "2017.01.11"]
[Round "1"]
[White "Dreev, Aleksey"]
[Black "Orlov, Georgi"]
[Result "1-0"]
[WhiteTitle "GM"]
[BlackTitle "IM"]
[WhiteElo "2651"]
[BlackElo "2475"]
[WhiteTeam "San Diego Surfers"]
[BlackTeam "Seattle Sluggers"]
[WhiteFideId "4100107"]
[BlackFideId "2011271"]
[EventDate "2017.01.11"]

1. d4 Nf6 2. Nf3 e6 3. c4 Bb4+ 4. Nbd2 d5 5. Qa4+ Nc6 6. e3 Ne4 7. a3 Nxd2 8.
Bxd2 Bxd2+ 9. Nxd2 O-O 10. Nf3 Qe7 11. Rc1 a6 12. Qc2 Rd8 13. Bd3 h6 14. O-O Bd7
15. Rfe1 Be8 16. cxd5 exd5 17. e4 Qf6 18. e5 Qf4 19. Qc3 Bd7 20. Re3 Bf5 21. g3
Qg4 22. Bxf5 Qxf5 23. Kg2 Qe6 24. Ne1 Na7 25. Nd3 c6 26. a4 Qe7 27. Rce1 Nc8 28.
f4 Nb6 29. f5 Nxa4 30. Qc2 Nb6 31. f6 gxf6 32. b3 Nd7 33. e6 fxe6 34. Rxe6 Qh7
35. Re7 Qg6 36. Qe2 Nf8 37. Nf4 Qf5 38. Qh5 Qxh5 39. Nxh5 Rd6 40. Rg7+ Kh8 41.
Rxb7 Ng6 42. Kf3 f5 43. b4 Rf8 44. h3 f4 45. g4 Nh4+ 46. Kf2 Ng6 47. Ng7 Nh4 48.
Ree7 Ng6 49. Rec7 Nh4 50. Ne6 Re8 51. Rh7+ Kg8 52. Rbg7# 1-0